00831nam a2200229Ia 4500008004100000020001500041040001800056041000800074245008200082260005400164300005000218504003800268650003300306650002700339650002600366650002600392700003700418700003700455700003700492700003600529700003600565130821s1996 mx a gr spa  a9682446368 aCo-BoUCMbspa00aspa10aABC del desarrollo organizacionalcCarlos Augusto Audirac Camarena...[et al.] aMéxico D.F. (México)bEditorial Trillasc1996 a110 páginasbilustraciones, tablas, cuadros aIncluye bibliografía e índice04aAdministración de empresas04aAnálisis de sistemas04aCambio organizacional04aDesarrollo industrial1 aAudirac Camarena, Carlos Augusto1 aDomínguez González, Alberto.1 aLeón Estavillo, Verónica De.1 aLópez García, María Elena1 aPuesta Negrete, Lourdes Isabel.